ბათუმის შოთა რუსთაველის სახელმწიფო უნივერსიტეტის ბიბლიოთეკა

Business vocabulary in Use. Advanced (ბიბ.ჩანაწერი № 50539)

000 -LEADER
fixed length control field 00467nam a2200205Ia 4500
001 - CONTROL NUMBER
control field 17488
003 - CONTROL NUMBER IDENTIFIER
control field GE_BSU
008 - FIXED-LENGTH DATA ELEMENTS--GENERAL INFORMATION
fixed length control field 181216s||||||||xx |||||||||||||| ||und||
020 ## - INTERNATIONAL STANDARD BOOK NUMBER
International Standard Book Number 9780521540704
040 ## - CATALOGING SOURCE
Transcribing agency GE_BSU
080 ## - UNIVERSAL DECIMAL CLASSIFICATION NUMBER
Universal Decimal Classification number 339.1
100 ## - MAIN ENTRY--PERSONAL NAME
Personal name Mascull, Bill
245 ## - TITLE STATEMENT
Title Business vocabulary in Use. Advanced
260 ## - PUBLICATION, DISTRIBUTION, ETC.
Place of publication, distribution, etc. Cambridge
260 ## - PUBLICATION, DISTRIBUTION, ETC.
Date of publication, distribution, etc. 2004
300 ## - PHYSICAL DESCRIPTION
Extent 133p.
653 ## - INDEX TERM--UNCONTROLLED
Uncontrolled term Business vocabulary in Use. Advanced
942 ## - ADDED ENTRY ELEMENTS (KOHA)
Koha item type წიგნი
ეგზემპლარები
Withdrawn status Lost status Damaged status Not for loan Date acquired Barcode Date last seen Price effective from Koha item type
        2018-12-17 1398 2018-12-17 2018-12-17 წიგნი